000 00954nam a2200277 i 4500
001 6390
003 ES-MaACL
005 20250809063445.0
007 t|
008 891009s1989 fr ||||1| fre d
020 _a2-010009462-X
080 _a9(44)"1770/1880"
100 1 _aFuret, François,
_d1927-1997
_eaut
_953035
245 1 3 _aLa Revolution :
_bde Turgot a Jules Ferry, 1770-1880 /
_cFrancois Furet
260 _aParis :
_bHachette,
_c1989
300 _a525 páginas :
_bilustraciones ;
_c30 cm
490 1 _aHistoire de France Hachette
_v4
_9227804
651 4 _aFrancia-
_xHistoria-
_y1715-1792
_98702
651 4 _aFrancia-
_xHistoria-
_y1789-1799, Revolución
_9241176
651 4 _aFrancia-
_xHistoria-
_y1789-1900
_98693
830 0 _aHistoire de France Hachette ;
_v4
_9227804
852 4 _aES-MaACL
_bR.117171
_cDEPO2
_jL-13561
_xTela
942 _2udc
_cMONOGRAFIA
_n0
999 _c6390
_d6390